000 00242nam a2200097Ia 4500
005 20251222114413.0
008 251222s1900||||xx |||||||||||||| ||spa||
082 _aDVD0070/H27/1944
245 0 _aTener y no tener:To have and have not
942 _cDVD
999 _c2107
_d2107